[Event "Melbourne op"]
[Site "Melbourne"]
[Date "2024.04.05"]
[Round "6"]
[White "Stojic, Svetozar"]
[Black "Zheng, Ryan"]
[Result "0-1"]
[WhiteElo "1949"]
[BlackElo "1823"]
[PlyCount "186"]
[EventDate "2024.04.03"]
[EventType "swiss"]
[EventRounds "9"]
[EventCountry "AUS"]
[SourceTitle "CB18_2024"]
[SourceDate "2024.05.01"]
[SourceVersion "1"]
[SourceVersionDate "2024.05.01"]
[SourceQuality "2"]

1. Nf3 Nf6 2. g3 d5 3. Bg2 Bf5 4. 0-0 e6 5. d3 Be7 6. Nbd2 0-0 7. c4 Nbd7 8. Nh4 Bg6 9. Nxg6 hxg6 10. Rb1 a5 11. Qc2 c6 12. a3 a4 13. b3 axb3 14. Rxb3 Rb8 15. Nf3 e5 16. Rb1 Bd6 17. cxd5 cxd5 18. Bb2 Qe7 19. a4 Rfc8 20. Qd1 e4 21. dxe4 dxe4 22. Ng5 Rc4 23. Qb3 Rb4 24. Qa2 Nc5 25. Bxf6 gxf6 26. Rxb4 fxg5 27. Rb6 Kg7 28. Rd1 Bc7 29. Rb5 b6 30. Qc4 Ra8 31. Rb4 f5 32. f3 exf3 33. Bxf3 Re8 34. a5 bxa5 35. Rb5 g4 36. Bc6 Qe3+ 37. Kf1 Re5 38. Bd5 Bd6 39. Bg8 Re7 40. Rxd6 Ne4 41. Qd4+ Qxd4 42. Rxd4 Kxg8 43. Rxa5 Kf7 44. Ra6 Rb7 45. Kg2 Re7 46. h3 gxh3+ 47. Kxh3 Ng5+ 48. Kg2 Rxe2+ 49. Kf1 Re6 50. Rd7+ Kf6 51. Ra8 Ne4 52. Kg2 Rc6 53. Rd3 Rc2+ 54. Kf3 Rc6 55. Rf8+ Kg5 56. Re3 Rc2 57. Re2 Rxe2 58. Kxe2 Nxg3+ 59. Kf3 Ne4 60. Ra8 Nf6 61. Ra4 Nd7 62. Rb4 Ne5+ 63. Kg3 Ng4 64. Ra4 Nf6 65. Rb4 Kh5 66. Rh4+ Kg5 67. Ra4 Kh6 68. Ra6 Kg5 69. Kf3 Ne4 70. Ra5 Nd2+ 71. Kg3 Nb3 72. Rd5 Kf6 73. Rd6+ Kf7 74. Kf4 Nc5 75. Ke5 Kg7 76. Rd5 Ne4 77. Rd7+ Kh6 78. Kf4 Nf6 79. Rf7 Nh5+ 80. Ke5 Kg5 81. Ra7 Kg4 82. Ra1 g5 83. Rg1+ Ng3 84. Kd4 f4 85. Ra1 Kh3 86. Ra2 g4 87. Rb2 f3 88. Ke3 Ne2 89. Rb8 Kg2 90. Rf8 Ng1 91. Rg8 g3 92. Kf4 Ne2+ 93. Ke3 f2 0-1